ბათუმის შოთა რუსთაველის სახელმწიფო უნივერსიტეტის ბიბლიოთეკა

სოციოლოგია (დამხმარე სახელმძღვანელო) (ბიბ.ჩანაწერი № 36652)

000 -LEADER
fixed length control field 00675nam a2200229Ia 4500
001 - CONTROL NUMBER
control field 2573
003 - CONTROL NUMBER IDENTIFIER
control field GE_BSU
008 - FIXED-LENGTH DATA ELEMENTS--GENERAL INFORMATION
fixed length control field 181216s||||||||xx |||||||||||||| ||und||
020 ## - INTERNATIONAL STANDARD BOOK NUMBER
International Standard Book Number 9789941006357
040 ## - CATALOGING SOURCE
Transcribing agency GE_BSU
080 ## - UNIVERSAL DECIMAL CLASSIFICATION NUMBER
Universal Decimal Classification number 316(075.8)
100 ## - MAIN ENTRY--PERSONAL NAME
Personal name ღიბრაძე, რაულ
245 ## - TITLE STATEMENT
Title სოციოლოგია (დამხმარე სახელმძღვანელო)
245 ## - TITLE STATEMENT
Remainder of title საქ–ს ტექნიკ.უნ–ტი.
260 ## - PUBLICATION, DISTRIBUTION, ETC.
Place of publication, distribution, etc. თბილისი
260 ## - PUBLICATION, DISTRIBUTION, ETC.
Name of publisher, distributor, etc. გეორგკა
260 ## - PUBLICATION, DISTRIBUTION, ETC.
Date of publication, distribution, etc. 2008
300 ## - PHYSICAL DESCRIPTION
Extent 197 გვ.
653 ## - INDEX TERM--UNCONTROLLED
Uncontrolled term სოციოლოგია
942 ## - ADDED ENTRY ELEMENTS (KOHA)
Koha item type წიგნი
ეგზემპლარები
Withdrawn status Lost status Damaged status Not for loan Date acquired Barcode Date last seen Price effective from Koha item type
        2018-12-17 842 2018-12-17 2018-12-17 წიგნი